00697nam a22001817a 4500003000900000008004100009040007100050082001700121100002200138245006900160260003100229300002800260505016800288650001400456650001400470650001400484700001700498AR-CdUCM190320b ||||| |||| 00| 0 spa d aMUNICIPALIDAD PROVINCIAL DEL CUSCOcBIBLIOTECA MUNICIPAL DEL CUSCO a512.6 /bV84 aVolkovyski, L. I. aProblemas sobre la teoría de funciones de variable compleja / aMoscu :bMir Moscu,c1972. a324 páginas ;c22 cm. aNúmeros complejos y funciones de variables complejas -- Transformaciones conformes relacionadas con funciones elementales -- Integrales y series de potencias ... aVariables aFunciones aNúmeros aLunts, G. L.